Storage Area Networks Fundamentals /
La globalización de los negocios y los avances en las tecnologías de la comunicación a través de Internet han generado grandes cantidades de información que debe ser almacenada y que debe estar disponible en el momento en que se le requiera, a bajo costo y de manera eficiente. Para solucionar estos...
Furkejuvvon:
| Váldodahkki: | |
|---|---|
| Materiálatiipa: | Girji |
| Giella: | eaŋgalasgiella |
| Almmustuhtton: |
Indianápolis, EUA :
Cisco,
2002, c2002
|
| Ráidu: | (Cisco Press Networking Technology Series)
|
| Fáttát: | |
| Fáddágilkorat: |
Eai fáddágilkorat, Lasit vuosttaš fáddágilkora!
|
MARC
| LEADER | 00000nam^a2200000^a^4500 | ||
|---|---|---|---|
| 001 | 000156224 | ||
| 005 | 20250521000000.0 | ||
| 009 | 20260310100457.542 | ||
| 020 | |a 1-58705-065-X | ||
| 037 | |a Acervo ITESO - Biblioteca | ||
| 041 | |a ING | ||
| 082 | |a 621. 382171 |b GUP | ||
| 100 | |a Gupta, Meeta |e (autor) | ||
| 245 | 1 | 0 | |a Storage Area Networks Fundamentals / |c G. Meeta. |
| 264 | 4 | |a Indianápolis, EUA : |b Cisco, |c 2002, c2002 | |
| 300 | |a XIX, 301 p. | ||
| 336 | |a texto |b txt |2 rdacontenido | ||
| 337 | |a sin mediación |b n |2 rdamedio | ||
| 338 | |a volumen |b nc |2 rdasoporte | ||
| 440 | 1 | |a (Cisco Press Networking Technology Series) | |
| 520 | |a La globalización de los negocios y los avances en las tecnologías de la comunicación a través de Internet han generado grandes cantidades de información que debe ser almacenada y que debe estar disponible en el momento en que se le requiera, a bajo costo y de manera eficiente. Para solucionar estos problemas se han creado las redes de área de almacenamiento; éstas enfrentan los mismos retos que cualquier red de computadoras en cuanto a la transmisión de datos y su protección. Se trata de redes que trabajan como parte de otras más grandes, y su diseño separa las aplicaciones del servidor de las del almacenamiento de la información, sin sacrificar el tiempo de acceso a lo almacenado. | ||
| 649 | |a XX | ||
| 650 | |a Información - |x Administración | ||
| 650 | |a Sistemas de Información | ||
| 650 | |a Informática | ||
| 650 | |a Redes de Area Local | ||
| 650 | |a Redes de Computadoras - |x Diseño y Construcción | ||
| 650 | |a Redes de Computadoras - |x Seguridad | ||
| 650 | |a Redes de Computadoras - |x Administración | ||
| 650 | |a Sistemas de Telecomunicación | ||
| 650 | |a Comunicación en Red | ||
| 650 | |a Telecomunicaciones | ||
| 650 | |a Comunicaciones y Tránsito | ||
| 650 | |a Ingeniería Computacional | ||
| 910 | |a Fondo General | ||
| 920 | |a Impresos - Libros | ||
| 930 | |a Colección General | ||
| 905 | |a 101 | ||
| 901 | |a 0500084419 |b IT1 |c ACC |u 20250521 | ||
| 902 | |a https://opac.biblio.iteso.mx/vufind/Record/000156224 | ||